Rozvoj foriem elektronického bankovníctva bakalárska práca

Enregistré dans:
Détails bibliographiques
Auteur principal: Plánková, Nikola
Collectivité auteur: Národohospodárska fakulta EU. Katedra bankovníctva a medzinárodných financií
Autres auteurs: Škodová, Lenka
Format: Livre
Langue:slovaque
Publié: Bratislava 2018
Tags: Ajouter un tag
Pas de tags, Soyez le premier à ajouter un tag!

MARC

LEADER 00000nbm a2200000 4500
001 0245867
005 20181214123331.7
041 0 |a slo 
044 |a SK 
245 1 0 |a Rozvoj foriem elektronického bankovníctva  |b bakalárska práca  |c Nikola Plánková ; školiteľ: Lenka Škodová 
264 1 |a Bratislava  |c 2018 
300 |a 43 s. 
100 1 |a Plánková, Nikola 
700 1 |a Škodová, Lenka 
710 2 |a Národohospodárska fakulta EU. Katedra bankovníctva a medzinárodných financií